Gruppo dell'azoto - Statistics

Statistiche generali
  • Questo quiz è stato fatto 14 volte
  • Il punteggio medio è 4 su 5
Statistiche sulle risposte
Z Simbolo Elemento % Corretto
15 P Fosforo
100%
33 As Arsenico
92%
7 N Azoto
92%
83 Bi Bismuto
77%
51 Sb Antimonio
69%
Nessun quiz corrispondente trovato
Distribuzione punteggi
Percentuale di utenti per punteggio
Percentile per numero di risposta
I tuoi punteggi nel tempo
Non hai fatto questo quiz